[Event "It (open)"]
[Site "masterchessopen.com Graz (Austria)"]
[Date "2011.09.04"]
[Round "9"]
[White "Horvath Reka (HUN)"]
[Black "Juergens Klaus (GER)"]
[Result "0-1"]
[WhiteElo "1968"]
[BlackElo "2155"]

1.e4 c5 2.Nf3 Nc6 3.d4 cxd4 4.Nxd4 g6 5.c4 Bg7 6.Nc2 d6 7.Be2 Nf6 8.Nc3 O-O
9.O-O Nd7 10.Bd2 Nc5 11.f3 a5 12.Rb1 f5 13.Ne3 f4 14.Nc2 g5 15.Nb5 Ne5 16.Bc3
Bd7 17.Ncd4 g4 18.Qc2 Rc8 19.fxg4 Nxg4 20.Nf5 Bxf5 21.Bxg7 Ne3 22.Qc1 Bxe4
23.Qc3 Rf7 24.Bh6 Bxb1 25.Rxf4 e5 26.Rxf7 Kxf7 27.Qxe3 Bg6 28.Bf3 Kg8 29.Qd2
Nd3 30.Bg4 Rc6 31.Bg5 Qe8 32.b3 Qf7 33.Nc3 e4 34.Nd5 Ra6 35.Qc3 Qf2+ {#R} 0-1

[Event "It (open)"]
[Site "masterchessopen.com Goch (Germany)"]
[Date "2011.10.02"]
[Round "7"]
[White "Jakob Matthias (GER)"]
[Black "Czybik Nils (GER)"]
[Result "0-1"]
[WhiteElo "1987"]
[BlackElo "2096"]

1.e4 c5 2.Nf3 g6 3.d4 cxd4 4.Nxd4 Bg7 5.c4 Nc6 6.Nc2 Nf6 7.Nc3 O-O 8.Be2 d6
9.O-O a5 10.Be3 Nd7 11.Qd2 Nc5 12.f3 f5 13.Rad1 fxe4 14.Bxc5 exf3 15.Bxf3 dxc5
16.Bxc6 Rxf1+ 17.Kxf1 Qxd2 18.Bd5+ Qxd5 19.Nxd5 Bg4 20.Rd2 Rf8+ 21.Kg1 Bxb2
22.Nce3 Bc1 {#R} 0-1

[Event "Ch Montenegro (team) (1 liga)"]
[Site "masterchessopen.com Tivat (Montenegro)"]
[Date "2011.10.13"]
[Round "6"]
[White "Lekic Lazar (MNE)"]
[Black "Ceranic Miodrag (MNE)"]
[Result "0-1"]
[WhiteElo "1935"]
[BlackElo "2178"]

1.e4 c5 2.Nf3 Nc6 3.d4 cxd4 4.Nxd4 g6 5.c4 Bg7 6.Nc2 Nf6 7.Nc3 d6 8.Be2 Bd7
9.O-O O-O 10.f4 Rc8 11.Be3 b6 12.Nd4 Nxd4 13.Bxd4 Bc6 14.Bf3 Re8 15.Nd5 Bxd5
16.cxd5 Rc4 17.b3 Rc7 18.Rc1 Qc8 19.Rc6 Rxc6 20.dxc6 e5 21.Bb2 Qxc6 22.Ba3
Nxe4 23.Qd3 exf4 24.Rc1 Qa8 25.Bxd6 f5 26.Bxf4 Qd8 27.Qc4+ Kh8 28.h3 Qd4+
29.Kh2 Qxc4 30.Rxc4 h6 31.Rc7 g5 32.Bg3 Nxg3 {#R} 0-1

[Event "Memorial Oliver Gonzalez (open)"]
[Site "masterchessopen.com Madrid (Spain)"]
[Date "2011.10.14"]
[Round "7"]
[White "Renteria Jorge (COL)"]
[Black "Lorite Francisco (ESP)"]
[Result "1-0"]
[WhiteElo "2319"]
[BlackElo "2038"]

1.c4 c5 2.Nf3 Nc6 3.d4 cxd4 4.Nxd4 g6 5.e4 Bg7 6.Nc2 d6 7.Be2 Nf6 8.Nc3 O-O
9.O-O b6 10.Be3 Bb7 11.f3 Nd7 12.Qd2 Nc5 13.b4 Nd7 14.Bh6 Rc8 15.Bxg7 Kxg7
16.f4 Kg8 17.Rad1 Nf6 18.Qe3 Qc7 19.Nd5 Nxd5 20.exd5 Nb8 21.Nd4 a6 22.f5 {#r}
1-0

[Event "It (open)"]
[Site "masterchessopen.com Bad Wiessee (Germany)"]
[Date "2011.11.02"]
[Round "6"]
[White "Ziska Helgi Dam (FAI)"]
[Black "Schoen Rudolf (GER)"]
[Result "1-0"]
[WhiteElo "2460"]
[BlackElo "2006"]

1.e4 c5 2.Nf3 g6 3.d4 cxd4 4.Nxd4 Bg7 5.c4 Nc6 6.Nc2 Nf6 7.Nc3 O-O 8.Be2 d6
9.O-O Bd7 10.Be3 a6 11.f3 Qa5 12.Qd2 Rac8 13.Rfd1 Rfe8 14.Rab1 Ne5 15.b3 b5
16.b4 Qc7 17.c5 dxc5 18.bxc5 Be6 19.Nb4 Red8 20.Qb2 Qa5 21.Kh1 Bc4 22.Rxd8+
Rxd8 23.Bg1 Bxe2 24.Qxe2 Qa3 25.Ncd5 e6 26.Nxf6+ Bxf6 27.f4 Nc4 28.e5 Be7
29.Nc6 Rd2 30.Nxe7+ Kf8 31.Qe1 Kxe7 32.Qh4+ Ke8 33.c6 Qe7 34.Qxh7 Kd8 35.Qh8+
Qe8 36.c7+ {#r} 1-0

[Event "Tournament (Elo) \"]
[Site "masterchessopen.com Warsaw (Poland)"]
[Date "2011.11.15"]
[Round "8"]
[White "Wrabel Antoni (POL)"]
[Black "Maciejewski Andrzej (POL)"]
[Result "0-1"]
[WhiteElo "1717"]
[BlackElo "1772"]

1.e4 c5 2.Nf3 Nc6 3.d4 cxd4 4.Nxd4 g6 5.c4 Bg7 6.Nc2 d6 7.Nc3 Nf6 8.Be2 O-O
9.O-O Qc7 10.Ne3 Re8 11.Bd2 Bd7 12.Rc1 Rac8 13.Ncd5 Qd8 14.Bc3 Nxe4 15.Bxg7
Kxg7 16.f3 Ng5 17.Qd2 Qa5 18.b4 Qd8 19.h4 Ne6 20.Ng4 Ned4 21.Bd3 f5 22.Nf2 e6
23.Bb1 exd5 24.Rfe1 Qxh4 25.cxd5 Ne5 26.Rc3 Rxc3 27.Qxc3 Nexf3+ 28.gxf3 Rxe1+
{#R} 0-1

[Event "Tournament (Elo) \"]
[Site "masterchessopen.com Warsaw (Poland)"]
[Date "2011.11.22"]
[Round "9"]
[White "Szelejewski Jan (POL)"]
[Black "Worobiej Daniel"]
[Result "0-1"]
[WhiteElo "1826"]
[BlackElo "1800"]

1.e4 c5 2.Nf3 g6 3.d4 cxd4 4.Nxd4 Bg7 5.c4 Nc6 6.Nc2 d6 7.Nc3 Bxc3+ 8.bxc3 Nf6
9.Bd3 Ne5 10.f4 Nxd3+ 11.Qxd3 Qa5 12.Nd4 Nxe4 13.O-O Bf5 14.g4 Nc5 15.Qf3 Be4
16.Qe3 f5 17.Re1 h5 18.g5 Nd3 19.Bd2 Nxe1 20.Qxe1 Qc5 21.Be3 Qxc4 22.Nb3 O-O
23.Bd4 e5 24.fxe5 dxe5 25.Bxe5 Rfe8 26.Qg3 h4 27.Qf4 Qe2 {#R} 0-1

[Event "It (open)"]
[Site "masterchessopen.com Vishakapatnam (India)"]
[Date "2011.11.29"]
[Round "9"]
[White "Narayanan Srinath (IND)"]
[Black "Danielsen Henrik (ISL)"]
[Result "0-1"]
[WhiteElo "2387"]
[BlackElo "2542"]

1.e4 c5 2.Nf3 Nc6 3.d4 cxd4 4.Nxd4 g6 5.c4 Bg7 6.Nc2 d6 7.Be2 Nf6 8.Nc3 Nd7
9.Bd2 a5 10.O-O Nc5 11.Re1 O-O 12.Bf1 Nb4 13.b3 Re8 14.Rb1 Bg4 15.f3 Bd7 16.a3
Nbd3 17.Re3 Ne5 18.Re1 a4 19.b4 Nb3 20.Nd5 Rc8 21.Nde3 Be6 {#R} 0-1

[Event "Ch Region"]
[Site "masterchessopen.com Voronezh (Russia)"]
[Date "2011.12.09"]
[Round "1"]
[White "Abramova Yulia (RUS)"]
[Black "Klimentov Roman (RUS)"]
[Result "0-1"]
[WhiteElo "2015"]
[BlackElo "2282"]

1.e4 c5 2.Nf3 Nc6 3.c4 g6 4.d4 cxd4 5.Nxd4 Bg7 6.Nc2 Nf6 7.Nc3 d6 8.Be2 O-O
9.O-O Be6 10.Ne3 Rc8 11.Rb1 Nd7 12.Ned5 Bxd5 13.Nxd5 e6 14.Nc3 Nc5 15.Be3 Bxc3
16.bxc3 Nxe4 17.Qc2 Nc5 18.Bh6 Re8 19.Rfd1 Qe7 20.Bf1 b6 21.Rd2 Ne5 22.Rd4 f6
23.Rbd1 g5 24.h4 Nf7 25.hxg5 fxg5 26.Bxg5 Qxg5 27.Be2 Kh8 28.Rg4 Qf5 29.Qd2
Rg8 30.Rf4 Qg5 31.g4 Rcf8 {#R} 0-1

[Event "Tournament (Elo) \"]
[Site "masterchessopen.com Warsaw (Poland)"]
[Date "2011.12.13"]
[Round "12"]
[White "Wrabel Antoni (POL)"]
[Black "Kwiek Janusz (POL)"]
[Result "1-0"]
[WhiteElo "1717"]
[BlackElo "1750"]

1.e4 c5 2.Nf3 Nc6 3.d4 cxd4 4.Nxd4 g6 5.c4 Bg7 6.Nc2 Nf6 7.Nc3 d6 8.Be2 O-O
9.O-O b6 10.Be3 Bb7 11.Qd2 Rc8 12.b3 Nd7 13.Rad1 f5 14.exf5 Rxf5 15.Bg4 Rf8
16.Bh6 Nce5 17.Be6+ Kh8 18.Bxg7+ Kxg7 19.Qd4 Rf6 20.Bd5 Nc6 21.Qh4 Qf8 22.f4
Rf5 23.Bxc6 Bxc6 24.Nd4 Rf6 25.Rde1 Kg8 26.Nxc6 Rxc6 27.Nd5 e5 28.fxe5 Rxf1+
29.Rxf1 Qa8 30.Ne7+ Kg7 31.e6 Ne5 32.Qf6+ Kh6 33.Nf5+ {#r} 1-0

[Event "It (open)"]
[Site "masterchessopen.com Chennai (India)"]
[Date "2012.01.06"]
[Round "5"]
[White "Narayanan Srinath (IND)"]
[Black "Vakhidov Jahongir (UZB)"]
[Result "0-1"]
[WhiteElo "2387"]
[BlackElo "2419"]

1.e4 c5 2.Nf3 Nc6 3.d4 cxd4 4.Nxd4 g6 5.c4 Bg7 6.Nc2 Nf6 7.Nc3 O-O 8.Be2 d6
9.O-O a6 10.Bd2 Rb8 11.b4 Be6 12.Rb1 Ne5 13.Ne3 Rc8 14.Qb3 b5 15.Qa3 Ra8
16.cxb5 axb5 17.Qc1 Qb6 18.Rb2 Rfc8 19.Rc2 Qb7 20.f3 Nc6 21.Nxb5 Bxa2 22.Qe1
Bb3 23.Rc1 d5 24.Rb1 Ba2 25.exd5 Nxd5 26.Nxd5 Bxb1 27.Qxb1 Nd4 28.Nxd4 Qxd5
29.Nb3 Ra3 30.Bd1 Rxb3 31.Bxb3 Qxd2 {#R} 0-1

[Event "Ch Colombia (juniors) (under 20) (active)"]
[Site "masterchessopen.com Bogota (Colombia)"]
[Date "2012.02.18"]
[Round "6"]
[White "Dominguez Oscar (COL)"]
[Black "Hernandez Jairo (COL)"]
[Result "1-0"]
[WhiteElo "2065"]
[BlackElo "2285"]

1.e4 c5 2.Nf3 g6 3.d4 cxd4 4.Nxd4 Bg7 5.c4 Nc6 6.Nc2 Nf6 7.Nc3 O-O 8.Be2 d6
9.O-O Bd7 10.Bd2 Rc8 11.Rc1 a6 12.f3 Ne5 13.Ne3 Qb6 14.Kh1 Qxb2 15.Rb1 Qa3
16.f4 Nc6 17.Nc2 Qa5 18.Rxb7 Rb8 19.Rb3 Rfc8 20.Ra3 Qd8 21.Rxa6 Na5 22.e5 Ne8
23.Nd5 Nb7 24.Be3 Nc5 25.Bxc5 Rxc5 26.exd6 exd6 27.Nd4 Rb2 28.Nb3 Rc8 29.Nb6
Be6 30.Nxc8 Qxc8 31.Ra7 h5 32.Bf3 Kh7 33.Ra8 Qd7 34.c5 dxc5 35.Qxd7 Bxd7
36.Nxc5 Bb5 37.Rd1 Nf6 38.a4 {#r} 1-0

[Event "It (cat.4)"]
[Site "masterchessopen.com Nancy (France)"]
[Date "2012.02.26"]
[Round "9"]
[White "Le Corre Benjamin (FRA)"]
[Black "Adrian Claude (FRA)"]
[Result "1-0"]
[WhiteElo "2312"]
[BlackElo "2271"]

1.Nf3 c5 2.e4 g6 3.d4 cxd4 4.Nxd4 Bg7 5.c4 Nc6 6.Nc2 Qb6 7.Nc3 Bxc3+ 8.bxc3
Nf6 9.f3 Qa5 10.Be2 d6 11.O-O Be6 12.Kh1 Rc8 13.Bh6 Qxc3 14.Rb1 Bxc4 15.Bxc4
Qxc4 16.Ne3 Qc5 17.Rxb7 Rb8 18.Rxb8+ Nxb8 19.Qa4+ Nc6 20.Bg7 Rg8 21.Bxf6 exf6
22.Nd5 Kd8 23.Qb3 Re8 24.Qb7 Re7 25.Qa8+ Kd7 26.Rb1 Qc2 27.Rb7+ Ke6 28.Qc8+
Ke5 29.Rxe7+ {#r} 1-0

[Event "It (open)"]
[Site "masterchessopen.com Reykjavik (Iceland)"]
[Date "2012.03.06"]
[Round "1"]
[White "Ziska Helgi Dam (FAI)"]
[Black "Saemundsson Bjarni (ISL)"]
[Result "1-0"]
[WhiteElo "2460"]
[BlackElo "1947"]

1.e4 c5 2.Nf3 g6 3.d4 cxd4 4.Nxd4 Nc6 5.c4 Bg7 6.Nc2 Nf6 7.Nc3 O-O 8.Be2 d6
9.O-O Bd7 10.Be3 Qc8 11.f3 Na5 12.Na3 b6 13.Qd2 Bc6 14.Rfd1 Rd8 15.Rac1 Ne8
16.Nd5 Qd7 17.Nf4 Bb7 18.c5 Nc6 19.cxb6 Bh6 20.bxa7 Nxa7 21.Bxa7 Rxa7 22.Bb5
Bxf4 23.Qxf4 Qe6 24.Bxe8 Rxe8 25.Nb5 Qxa2 26.Nxa7 Qxa7+ 27.Kh1 Bc8 28.e5 dxe5
29.Qxe5 Be6 30.Rc7 Qb6 31.Re1 Qb4 32.h3 Rb8 33.Rxe7 Qb5 34.Qf6 Rb6 35.R1xe6
{#r} 1-0

[Event "Ch England (team) 2011/12 (3 div)"]
[Site "masterchessopen.com England"]
[Round "7"]
[White "Thompson Robert (ENG)"]
[Black "Zhou Yang-Jian (ENG)"]
[Result "1-0"]
[WhiteElo "1965"]
[BlackElo "1578"]

1.c4 c5 2.Nf3 Nc6 3.d4 cxd4 4.Nxd4 g6 5.e4 Bg7 6.Nc2 Nf6 7.Nc3 O-O 8.Be2 d6
9.O-O Be6 10.Be3 Ne5 11.b3 Neg4 12.Bd4 Qc7 13.Rc1 d5 14.e5 Nxe5 15.Nxd5 Nxd5
16.cxd5 Bxd5 17.Nb4 Bc6 18.f4 Rfd8 19.fxe5 Bxe5 20.Nxc6 bxc6 21.Bxe5 Qb6+
22.Bd4 Rxd4 23.Qe1 Rd2+ 24.Kh1 Rxa2 25.Bc4 Rf8 26.Qxe7 Rf2 27.Rxf2 Qxf2 28.Rf1
Qxf1+ 29.Bxf1 a5 30.h4 Kg7 31.Bc4 h6 32.Kh2 {#r} 1-0

[Event "Ch Croatia (juniors) (team) (under 20)"]
[Site "masterchessopen.com Topusko (Croatia)"]
[Date "2012.04.01"]
[Round "1"]
[White "Glavan Marko"]
[Black "Tomulic Teo"]
[Result "1-0"]
[WhiteElo "1893"]
[BlackElo "1661"]

1.e4 c5 2.Nf3 Nc6 3.d4 cxd4 4.Nxd4 g6 5.c4 Bg7 6.Nc2 Nf6 7.Nc3 O-O 8.Be2 d6
9.O-O Be6 10.Be3 Rc8 11.f3 Na5 12.b3 Ng4 13.Bd4 Ne5 14.f4 Nec6 15.Bxg7 Kxg7
16.f5 Bd7 17.Nd5 Ne5 18.Nxe7 Rb8 19.f6+ Kh8 20.Qd2 Nac6 21.Qh6 Rg8 22.Rf4 Qf8
23.Nxg8 Kxg8 24.Qxf8+ Kxf8 25.Rd1 {#r} 1-0

[Event "Ch Croatia (juniors) (team) (under 20)"]
[Site "masterchessopen.com Topusko (Croatia)"]
[Date "2012.04.04"]
[Round "7"]
[White "Ivekovic Zvonimir (CRO)"]
[Black "Dzaja Martin Zorislav"]
[Result "1-0"]
[WhiteElo "2310"]
[BlackElo "1790"]

1.e4 c5 2.Nf3 Nc6 3.d4 cxd4 4.Nxd4 g6 5.c4 Bg7 6.Nc2 Nf6 7.Nc3 O-O 8.Be2 d6
9.O-O Be6 10.Be3 Nd7 11.Qd2 Nc5 12.Bh6 Bxh6 13.Qxh6 f5 14.exf5 Bxf5 15.Ne3 e5
16.Bf3 Nd4 17.Bd5+ Be6 18.Rad1 Rf4 19.g3 Qf8 20.Qxf8+ Rfxf8 21.b4 Bxd5
22.Nexd5 Nf3+ 23.Kg2 Ne6 24.Ne4 Rad8 25.Nef6+ Rxf6 26.Nxf6+ Kg7 27.Rxd6 Nh4+
28.gxh4 Kxf6 29.Rxd8 Nxd8 30.Rd1 Nc6 31.Rd7 Nxb4 32.Rxb7 a5 33.a4 {#r} 1-0

[Event "It (open) (juniors)"]
[Site "masterchessopen.com Vrnjacka Banja (Serbia)"]
[Date "2012.04.14"]
[Round "6"]
[White "Markovic Aleksandar"]
[Black "Knezevic Veljko"]
[Result "1-0"]
[WhiteElo "2028"]
[BlackElo "1914"]

1.e4 c5 2.Nf3 Nc6 3.d4 cxd4 4.Nxd4 g6 5.c4 Bg7 6.Nc2 Nf6 7.Nc3 O-O 8.Be2 d6
9.O-O Bd7 10.Be3 Rc8 11.f3 Ne5 12.b3 Qa5 13.Qd2 Rfe8 14.Rac1 a6 15.h3 Bc6
16.Nd4 Bd7 17.Rfd1 Nc6 18.Nxc6 Bxc6 19.Bd4 Nd7 20.Bxg7 Kxg7 21.f4 b5 22.cxb5
Bxb5 23.Bxb5 axb5 24.Qd4+ Kg8 25.Nd5 Qxa2 26.Nxe7+ Rxe7 27.Rxc8+ Nf8 {#r} 1-0

[Event "It \"]
[Site "masterchessopen.com Bad Homburg (Germany)"]
[Date "2012.06.06"]
[Round "1"]
[White "Feldtmann Thomas (GER)"]
[Black "Guth Wolf-Dietrich (GER)"]
[Result "1-0"]
[WhiteElo "2257"]
[BlackElo "1996"]

1.Nf3 c5 2.e4 Nc6 3.d4 cxd4 4.Nxd4 g6 5.c4 Bg7 6.Nc2 Nf6 7.Nc3 O-O 8.Be2 d6
9.O-O Be6 10.f3 Na5 11.b3 Nxe4 12.Nxe4 Bxa1 13.Nxa1 f6 14.Nc2 Nc6 15.Bh6 Re8
16.Ne3 Qa5 17.Nd5 Rac8 18.Nexf6+ exf6 19.Nxf6+ Kf7 20.Nxe8 Qc5+ 21.Kh1 Rxe8
22.Qd2 Qd4 23.Bd3 Kg8 24.Be3 Qh4 25.Be4 Qe7 26.Rd1 Bf5 27.Bg5 Qf8 28.Bd5+ Be6
29.h4 Bxd5 30.Qxd5+ Kg7 31.Qxd6 Re1+ 32.Kh2 Rxd1 33.Bh6+ {#r} 1-0

[Event "It \"]
[Site "masterchessopen.com Altenkirchen (Germany)"]
[Date "2012.06.07"]
[Round "1"]
[White "Vovk Andrey (UKR)"]
[Black "Rokitta Uwe"]
[Result "1-0"]
[WhiteElo "2540"]
[BlackElo "1654"]

1.e4 c5 2.Nf3 Nc6 3.d4 cxd4 4.Nxd4 g6 5.c4 Bg7 6.Nc2 Nf6 7.Nc3 d6 8.Be2 Bd7
9.O-O Rc8 10.Be3 a5 11.f3 Ne5 12.Na3 O-O 13.Nd5 Nxd5 14.cxd5 Nxf3+ 15.gxf3
Bxb2 16.Nc4 Bxa1 17.Qxa1 f6 18.Nb6 Rb8 19.a4 Bh3 20.Rb1 Rf7 21.Qc3 f5 22.Bh6
f4 23.e5 e6 24.Bc4 Qh4 25.dxe6 Re7 26.exd6 Qxh6 27.Qf6 Qh5 28.dxe7 Qxf3
29.Qf7+ Kh8 30.Qf8+ Rxf8 31.exf8=Q# 1-0

[Event "It (w)"]
[Site "masterchessopen.com Mulhouse (France)"]
[Round "5"]
[White "Genova Liubka (BUL)"]
[Black "Lam Sophie (FRA)"]
[Result "1-0"]
[WhiteElo "2245"]
[BlackElo "2066"]

1.e4 c5 2.Nf3 Nc6 3.d4 cxd4 4.Nxd4 g6 5.c4 Bg7 6.Nc2 d6 7.Be2 Nh6 8.Nc3 O-O
9.O-O f5 10.exf5 Nxf5 11.Bg5 Qe8 12.Nd5 Qf7 13.Rb1 h6 14.Bd2 Bd7 15.Bc3 Rac8
16.Bxg7 Nxg7 17.Nce3 Nf5 18.Qd2 Kh7 19.f4 Qg7 20.Rbd1 Nfd4 21.Bd3 e5 22.b4 Ne7
23.Nxe7 Qxe7 24.Nd5 Qh4 25.Rde1 Bf5 26.fxe5 dxe5 27.Rxe5 Bxd3 28.Qxd3 Rxf1+
29.Qxf1 Nf5 30.Re4 Qg5 31.h4 Qd2 32.h5 Qg5 33.Rg4 Qd2 34.hxg6+ Kg7 35.Qxf5
Qe1+ 36.Kh2 Qe8 37.Qf6+ {#r} 1-0

[Event "Ch Paris (open) (a)"]
[Site "masterchessopen.com Paris (France)"]
[Date "2012.07.11"]
[Round "5"]
[White "Ducarmon Renzo (NED)"]
[Black "Larrat Philippe (FRA)"]
[Result "0-1"]
[WhiteElo "2060"]
[BlackElo "2230"]

1.e4 c5 2.Nf3 g6 3.d4 cxd4 4.Nxd4 Nc6 5.c4 Bg7 6.Nc2 d6 7.Be2 Nh6 8.Nc3 f5
9.O-O O-O 10.f3 Be6 11.Be3 f4 12.Bf2 Nf7 13.Nd5 Be5 14.Rb1 Bd7 15.Qd2 g5 16.b4
e6 17.b5 exd5 18.bxc6 bxc6 19.cxd5 c5 20.Rb7 Bc8 21.Rb3 h5 22.Bb5 Rb8 23.Ne1
a6 24.Bc4 Rxb3 25.axb3 g4 26.Nd3 g3 27.Be1 Qh4 28.h3 Bd4+ 29.Kh1 Bxh3 {#R} 0-1

[Event "Cup Russia (open)"]
[Site "masterchessopen.com Izhevsk (Russia)"]
[Date "2012.07.15"]
[Round "1"]
[White "Kabanov Nikolai (RUS)"]
[Black "Purtov Konstantin (RUS)"]
[Result "1-0"]
[WhiteElo "2496"]
[BlackElo "2142"]

1.c4 c5 2.Nf3 Nc6 3.d4 cxd4 4.Nxd4 g6 5.e4 Bg7 6.Nc2 Nf6 7.Nc3 d6 8.Be2 O-O
9.O-O a5 10.Be3 Bd7 11.f3 Rc8 12.Qd2 Ne5 13.b3 Bc6 14.Rfd1 Ned7 15.Rac1 b6
16.Nd4 Bb7 17.a3 Nc5 18.Rb1 Ba6 19.Rdc1 Ncd7 20.Nd5 Ne5 21.Kh1 e6 22.Nc3 Bb7
23.Ndb5 d5 24.f4 Nc6 25.cxd5 exd5 26.e5 d4 27.Nxd4 Nxd4 28.Qxd4 Nd7 29.b4 axb4
30.axb4 Qe7 31.Nd5 Qe6 32.Bf3 Bxe5 33.fxe5 Nxe5 34.Nf6+ Qxf6 35.Bxb7 Rcd8
36.Qf4 Qe7 37.Ba6 {#r} 1-0

[Event "It (open)"]
[Site "masterchessopen.com Paleochora (Greece)"]
[Date "2012.07.17"]
[Round "2"]
[White "Skembris Spyridon (GRE)"]
[Black "Christiansen Johan-Sebastian (NOR)"]
[Result "1-0"]
[WhiteElo "2460"]
[BlackElo "2043"]

1.c4 c5 2.Nf3 Nc6 3.d4 cxd4 4.Nxd4 g6 5.e4 Bg7 6.Nc2 Nf6 7.Nc3 d6 8.Be2 O-O
9.O-O Be6 10.Rb1 Rc8 11.Kh1 a6 12.Bd2 Nd7 13.Nd5 Nc5 14.f3 f5 15.b4 Nd7 16.Nf4
Bf7 17.exf5 gxf5 18.Ne3 Nd4 19.Bd3 e5 20.Ne2 Nxe2 21.Qxe2 Be6 22.g4 fxg4
23.fxg4 Nb6 24.Rxf8+ Qxf8 25.Qg2 Qe7 26.Qe4 Bh6 27.g5 Bf8 28.Rf1 Qc7 29.Nd5
Bxd5 30.cxd5 Qg7 31.g6 Kh8 32.Rf7 Qxg6 33.Rxh7+ {#r} 1-0

[Event "It \"]
[Site "masterchessopen.com Helsingor (Denmark)"]
[Date "2012.07.28"]
[Round "1"]
[White "Rossen Claus (DEN)"]
[Black "Nielsen Peter (DEN)"]
[Result "1-0"]
[WhiteElo "2223"]
[BlackElo "1801"]

1.e4 c5 2.Nf3 Nc6 3.d4 cxd4 4.Nxd4 g6 5.c4 Bg7 6.Nc2 Nf6 7.Nc3 O-O 8.Be2 d6
9.O-O Nd7 10.Qe1 Nc5 11.f3 f5 12.b4 Nd7 13.Rb1 Nd4 14.Nxd4 Bxd4+ 15.Kh1 a6
16.Bh6 Bg7 17.Bxg7 Kxg7 18.Rd1 a5 19.a3 axb4 20.axb4 b6 21.Nd5 Bb7 22.Nf4 Rf6
23.exf5 Nf8 24.Bd3 Qd7 25.Qg3 Kf7 26.fxg6+ hxg6 27.Be4 Ra4 28.Nd3 Qc7 29.c5
Bxe4 30.fxe4 Rxf1+ 31.Rxf1+ Kg7 32.Qf4 Ra8 33.cxb6 Qc4 34.Qf3 Ra3 35.Qxf8+
{#r} 1-0

[Event "It (open) (under 2350)"]
[Site "masterchessopen.com Krakow (Poland)"]
[Date "2012.08.12"]
[Round "5"]
[White "Ustiyanovich Nazariy (UKR)"]
[Black "Kasperek Joanna (POL)"]
[Result "1-0"]
[WhiteElo "2197"]
[BlackElo "2018"]

1.Nf3 c5 2.c4 Nc6 3.d4 cxd4 4.Nxd4 g6 5.e4 Bg7 6.Nc2 Nf6 7.Nc3 d6 8.Be2 O-O
9.O-O Bd7 10.Be3 Rc8 11.Qd2 Ng4 12.Bxg4 Bxg4 13.Bh6 Be6 14.Bxg7 Kxg7 15.Ne3
Qa5 16.b3 Ne5 17.f4 Ng4 18.Nxg4 Bxg4 19.f5 gxf5 20.Qg5+ Kh8 21.Nd5 f6 22.Qh4
Rf7 23.exf5 Rg8 24.h3 Be2 25.Rf2 Qc5 26.Kh1 Bd3 27.Rf3 Rfg7 28.Rxd3 Rxg2
29.Qd4 Qc6 30.Re1 b5 31.Rxe7 Rg1+ 32.Qxg1 Rxg1+ 33.Kxg1 bxc4 34.Nxf6 Qc5+
35.Rde3 {#r} 1-0

[Event "Ch Europe (juniors) (under 18)"]
[Site "masterchessopen.com Prague (Czech Republic)"]
[Date "2012.08.17"]
[Round "1"]
[White "Givon Asaf (ISR)"]
[Black "Kyrkjebo Erlend (NOR)"]
[Result "1-0"]
[WhiteElo "2336"]
[BlackElo "2035"]

1.e4 c5 2.Nf3 g6 3.d4 cxd4 4.Nxd4 Bg7 5.c4 Nc6 6.Nc2 Qb6 7.Nc3 Bxc3+ 8.bxc3 d6
9.Be2 Be6 10.Ne3 Rc8 11.O-O Nf6 12.Nd5 Bxd5 13.cxd5 Ne5 14.Qa4+ Ned7 15.Bh6 a6
16.Rab1 Qc7 17.Kh1 Kd8 18.Be3 e5 19.dxe6 fxe6 20.f4 Qxc3 21.Bd4 Qc2 22.Qa5+
Ke7 23.Bxf6+ Nxf6 24.Rxb7+ Nd7 25.Qg5+ Ke8 26.Bxa6 Qxe4 27.Qb5 Rd8 28.Rc7 h5
29.Bb7 d5 30.Bc6 Rh7 31.a4 h4 32.h3 Qe3 33.a5 d4 34.a6 d3 35.a7 {#r} 1-0

[Event "It \"]
[Site "masterchessopen.com San Cristobal (Venezuela)"]
[Date "2012.09.27"]
[Round "5"]
[White "Barrientos Sergio (COL)"]
[Black "Reyes Juan (PER)"]
[Result "1-0"]
[WhiteElo "2454"]
[BlackElo "2441"]

1.e4 c5 2.Nf3 Nc6 3.d4 cxd4 4.Nxd4 g6 5.c4 Bg7 6.Nc2 Nf6 7.Nc3 O-O 8.Be2 d6
9.O-O Bd7 10.Bd2 Re8 11.Rc1 Rc8 12.Kh1 Qc7 13.f4 Qb8 14.b3 a6 15.Bf3 Nd8
16.Qe1 Nc6 17.Qh4 b5 18.c5 Kh8 19.b4 Be6 20.e5 dxe5 21.Bxc6 Rxc6 22.fxe5 Qxe5
23.Nd4 Bd7 24.Rce1 Qb8 25.Bh6 Rcc8 26.Bxg7+ Kxg7 27.Rxe7 Rxe7 28.Qxf6+ {#r}
1-0

[Event "It (open)"]
[Site "masterchessopen.com Bogota (Colombia)"]
[Round "2"]
[White "Castrillon Melissa (COL)"]
[Black "Cadena Rafael"]
[Result "1-0"]
[WhiteElo "2179"]
[BlackElo "1600"]

1.e4 c5 2.Nf3 Nc6 3.d4 cxd4 4.Nxd4 g6 5.c4 Bg7 6.Nc2 b6 7.Be2 Bb7 8.O-O Nf6
9.Nc3 O-O 10.Rb1 d6 11.f4 Rc8 12.Bf3 Na5 13.b3 Nd7 14.Nd5 e6 15.Nde3 Nf6
16.Qd3 Qc7 17.Na3 a6 18.b4 Nc6 19.b5 Na5 20.Bb2 Rfd8 21.Bd4 Nd7 22.Bxg7 Kxg7
23.Qc3+ Kg8 24.Ng4 e5 25.fxe5 Nxe5 26.Nf6+ Kg7 27.Be2 axb5 28.Rxb5 Ba6 29.Nd5
Qa7 30.Kh1 Bxb5 31.Nxb5 Qb8 32.Ne7 Rc5 33.Qg3 Nexc4 34.Nd4 Re5 35.Nec6 Nxc6
36.Nxc6 Qc7 37.Nxd8 f6 38.Qxe5 {#r} 1-0